| 000 | 00440nam a22001697a 4500 | ||
|---|---|---|---|
| 003 | BDDh-ASL | ||
| 005 | 20231015031051.0 | ||
| 008 | 221220s1921 u ||||| |||| 00| 0 a d | ||
| 040 |
_aBDDh-ASL _cBDDh-ASL |
||
| 041 | _aara | ||
| 082 |
_a297 _bALK |
||
| 245 | 0 | 0 | _aAL Kashshāf : / الكشاف |
| 260 |
_aEgypt : _bMatbatul Haitul Misriya , _c1921/1343 H. |
||
| 300 |
_a580 p. : _c27 cm. |
||
| 650 | 0 |
_aTafsir _94705 |
|
| 942 |
_2ddc _cBK |
||
| 999 |
_c29773 _d29773 |
||